LEADER 00794nam0-22002891i-450- 001 990000509020403321 005 20090317113106.0 035 $a000050902 035 $aFED01000050902 035 $a(Aleph)000050902FED01 035 $a000050902 100 $a20020821d1953----km-y0itay50------ba 101 0 $aeng 105 $aa-------001yy 200 1 $aCalculating instruments and machines$fDouglas R. Hartree 210 $aUrbana$cUniversity of Illinois Press$d1953$dİ1949 215 $a138 p.$cill.$d26 cm 610 0 $aCalcolatori 610 0 $aStrumenti matematici 676 $a510.78 700 1$aHartree,$bDouglas Rayner 801 0$aIT$bUNINA$gRICA$2UNIMARC 901 $aBK 912 $a990000509020403321 952 $a10 P.T. 14$b3467$fDINEL 959 $aDINEL 997 $aUNINA LEADER 00892nam0-2200277 --450 001 9910846090003321 005 20240430105508.0 010 $a978-88-361-6303-8 100 $a20240430d2023----kmuy0itay5050 ba 101 $aita$cita 102 $aIT 105 $aa 001yy 200 1 $aDedollarizzazione$eil declino della supremazia monetaria americana$fGiacomo Gabellini 210 $aSantarcangelo di Romagna$cDiarkos$d2023 215 $a342 p.$cill.$d22 cm 320 $aContiene bibl. (pp. 337-342) 610 0 $aDollaro$aValore internazionale$aSec. 20.-21.$aSistema monetario internazionale 676 $a332.4973$v19$zita 700 1$aGabellini,$bGiacomo$f<1985- >$01727697 801 0$aIT$bUNINA$gREICAT$2UNIMARC 901 $aBK 912 $a9910846090003321 952 $aECO 23$b1097/2024$fFSPBC 959 $aFSPBC 996 $aDedollarizzazione$94156603 997 $aUNINA